İnsan hakları el kitabı (Record no. 6622)

MARC details
000 -BAŞLIK
Sabit Uzunlukta Kontrol Alanı 00753na a2200241 4500
001 - KONTROL NUMARASI
Denetim Alanı 15735
003 - KONTROL NUMARASI IDENTIFIER
Denetim Alanı MIRAKIL
005 - SON İŞLEM TARİHİ VE ZAMANI
Denetim Alanı 20181213155113.0
008 - SABİT-BOY VERİ ELEMANLARI - GENEL BİLGİLER
Sabit Uzunlukta Kontrol Alanı 160923b tu 000 0
035 ## - SİSTEM KONTROL NUMARASI
Sistem Kontrol Numarası 15735
040 ## - KATALOGLAMA KAYNAK
Orijinal Kataloglama Ajansı Milas
Kataloglama Dili tur
Metne Dönüştürmek Ajansı TR-AnCHP
082 ## - DEWEY ONLU SINIFLANDIRMA NUMARASI
Sınıflandırma Numarası 341.481026
Ürün Numarası B54i 1991
090 ## - SINIFLAMA NUMARASI
Sınıflama Numarası 341.481026 B54i 1991
100 ## - ANA GİRİŞ - KİŞİSEL İSİM
Kişisel Ad Bilge, Suat
Bir Adıyla İlişkilendirilen Tarihler 1921-2010
245 ## - BAŞLIK TABLOSU
Başlık İnsan hakları el kitabı
Sorumluluk Tablosu, Vb Suat Bilge
260 ## - YAYIN, DAĞITIM, VB
Yayın, Dağıtım, Vb Yeri Ankara
Yayıncı, Dağıtıcı, Vs Adı Adalet Bakanlığı Eğitim Dairesi Başkanlığı
Yayın, Dağıtım, Vb Tarihi 1991
300 ## - FİZİKSEL TANIM
Kapsam 95 s.
Boyutlar 19 sm.
630 ## - KONU KATMA GİRİŞ - NAMED OLAY
Üniforma Başlık Avrupa İnsan Hakları Sözleşmesi
630 ## - KONU KATMA GİRİŞ - NAMED OLAY
Üniforma Başlık İnsan Hakları Evrensel Bildirgesi
650 ## - KONU KATMA GİRİŞ - TOPİKAL DÖNEM
Topikal Süreli Veya Coğrafi Ad Giriş Elemanı Uluslararası sözleşmeler
Genel Alt Bölümü İnsan hakları
650 ## - KONU KATMA GİRİŞ - TOPİKAL DÖNEM
Topikal Süreli Veya Coğrafi Ad Giriş Elemanı İnsan hakları
Form Alt Bölümü Türkiye
Genel Alt Bölümü Anayasa
942 ## - EKLENDİ GİRİŞ ELEMANLARI (KOHA)
Sınıflandırma Veya Raf Düzeni Kaynak Dewey Decimal Classification
Koha Öğesi Türü Books
999 ## - SİSTEM KONTROL NUMARALARI (KOHA)
Koha Biblionumber 6622
Koha Biblioitemnumber 6622
Holdings
Kalıcı Konum Mevcut Konum Edinme Tarihi Edinim Kaynak Seri Numaralandırma / Kronolojik Toplam Check-Out'Lar Tam Çağrı Numarası Barkod Tarih Son Görülme İtibaren Geçerli Fiyatlar Koha Öğesi Türü
CHP Kütüphanesi CHP Kütüphanesi 09/23/2016 Bağış c.2   341.481026 B54i 1991 004139 09/23/2016 09/23/2016 Books